| 000 | 01444nam a2200385 c 4500 | ||
|---|---|---|---|
| 001 | 52852 | ||
| 003 | ES-MaCES | ||
| 005 | 20250203133331.0 | ||
| 008 | 230828s2022 sp 000 | spa d | ||
| 017 |
_aAB 389-2022 _bDL |
||
| 020 | _a9788418330964 | ||
| 040 |
_aES-MaCES _bspa _cES-MaCES |
||
| 100 | 1 |
_940749 _aRodríguez de Lecea, Francisco |
|
| 245 | 1 | 3 |
_aUn mundo dislocado _b: trabajadores, empresas, economía y sindicatos después del seísmo _cPaco Rodríguez de Lecea ; [pr., José Luis López Bulla y Javier Tébar Hurtado] |
| 260 |
_aAlbacete _bBomarzo _c2022 |
||
| 300 |
_a260 p. _c24 cm |
||
| 500 | _aSelección de entradas del Blog "Punto y contrapunto", del autor referenciadas por fechas, entre 2014 y 2021 sobre el sistema productivo, económico y social del momento | ||
| 541 | _cCompra | ||
| 650 | 4 |
_aglobalización económica _930653 |
|
| 650 | 4 |
_acondiciones económicas _927081 |
|
| 650 | 4 |
_atrabajador _928414 |
|
| 650 | 4 |
_aempresa _928178 |
|
| 650 | 4 |
_aempresario _928188 |
|
| 650 | 4 |
_asindicato _928377 |
|
| 650 | 4 |
_arelaciones laborales _928369 |
|
| 650 | 4 |
_anegociación colectiva _928362 |
|
| 650 | 4 |
_acondiciones de trabajo _928327 |
|
| 650 | 4 |
_aEspaña _926964 |
|
| 650 | 4 |
_a2014-2021 _940810 |
|
| 653 | 1 | 0 | _aRelaciones laborales-Empleo |
| 700 | 1 |
_916843 _aLópez Bulla, José Luis _ecol. |
|
| 700 | 1 |
_940750 _aTébar Hurtado, Javier _ecol. |
|
| 902 | _aLIB Libro | ||
| 942 |
_2CES _cBK _h2.0. |
||
| 999 |
_c52852 _d52852 |
||